00573nam a22001937a 450000500170000001000150001702000270003203500140005903700130007308200160008610000230010224500690012526000450019427000570023930000260029670000190032270000180034170000200035920171101123429.0 aENG-121007 a9789381632987c1200.00 aEN-104539 bDBAD/PUB a333.7095415 aMathu, Kumar Vinod aResource wealth of Himachal Pradesh /cby vinod kumar...[et. al] aNew DelhibSatyam Publishing Housec2014 aN-3/25, Mohan Garden, Uttam NagarbNew Delhie110059 a408p.c22cm(Hb)bill. aJaswal, Sunil  aGupta, Pankaj aThakur, Pushpa